LEADER 01226nam0 2200277 450 001 000042637 005 20161021115354.0 100 $a20161021d2014----km-y0itaa50------ba 101 0 $aita 102 $aIT 200 1 $aDai luoghi pii alla pubblica assistenza in Terra di Lavoro$euna ricerca sulle confraternite della diocesi di Aversa nel primo periodo borbonico e nel decennio francese$fNello Ronga 210 $aNapoli$cMyself$d2014 215 $a354 p.$d24 cm. 606 1 $aConfraternite$yTerra di Lavoro$xDiocesi di Aversa$zSec. 18.-19. 676 $a362.5809457$v(22. ed.)$9Misure correttive, servizi, forme di assistenza. Italia meridionale 676 $a267$v(22. ed.)$9Associazioni per attivitą religiose. 700 1$aRonga,$bNello$0147153 801 0$aIT$bUniversitą della Basilicata - B.I.A.$gREICAT$2unimarc 912 $a000042637 996 $aDai luoghi pii alla pubblica assistenza in Terra di Lavoro$9830543 997 $aUNIBAS BAS $aLETTERE CAT $aMDL$b30$c20161021$lBAS01$h1048 CAT $aMDL$b30$c20161021$lBAS01$h1153 FMT Z30 -1$lBAS01$LBAS01$mBOOK$1BASA1$APolo Storico-Umanistico$2GEN$BCollezione generale$3FM/114754$6114754$5L114754$820161021$f02$FPrestabile Generale LEADER 01306nam a2200289 i 4500 001 991001538079707536 005 20020502183016.0 008 011005s1999 ||| ||| | ita 020 $a8872611547 035 $ab10864799-39ule_inst 035 $aLE02371134$9ExL 040 $aDip.to Studi Storici$bita 082 0 $a331.762 100 1 $aMainardi, Michele$0273419 245 10$aCave e cavamonti :$bdocumenti per una storia sociale del lavoro della pietra nella Puglia meridionale, 1810/1965 /$cMichele Mainardi 260 $aLecce :$bEdizioni del Grifo,$cstampa 1999 300 $a135 p. :$bill. ;$c24 cm. 500 $aIn testa al front.: FENEAL-UIL, Lecce. 650 $aCavatori$xCondizioni economiche e sociali$zLecce $y1810-1965 907 $a.b10864799$b11-11-09$c28-06-02 912 $a991001538079707536 945 $aLE023 331.762 MAI 1 1$g1$i2023000051146$lle023$o-$pE0.00$q-$rn$so $t0$u1$v0$w1$x0$y.i10973722$z28-06-02 945 $aLE023 331.762 MAI 1 1/1$g2$i2023000052037$lle023$o-$pE0.00$q-$rl$s- $t0$u3$v1$w3$x0$y.i1204541x$z12-12-02 945 $aLE023 331.762 MAI 1 1/2$g3$i2023000075814$lle023$o-$pE9.30$q-$rl$s- $t0$u4$v0$w4$x0$y.i14146459$z07-11-05 996 $aCave e cavamonti$9918162 997 $aUNISALENTO 998 $ale023$b01-01-01$cm$da $e-$fita$git $h0$i1